Montero Ríos, jurista y reformador (Record no. 189899)

MARC details
000 -LEADER
campo de control de longitud fija 00936nam a2200205 i 4500
001 - NÚMERO DE CONTROL
campo de control 189899
003 - IDENTIFICADOR DE NÚMERO DE CONTROL
campo de control ES-MaACL
005 - FECHA Y HORA DE LA ÚLTIMA TRANSACCIÓN
campo de control 20250405234008.0
008 - DATOS DE LONGITUD FIJA--INFORMACIÓN GENERAL
campo de control de longitud fija 191220s1971 sp |||| |dspa d
080 ## - NÚMERO DE LA CLASIFICACIÓN DECIMAL UNIVERSAL
Número de la Clasificación Decimal Universal 929 Montero Ríos, Eugenio:34
100 1# - ENTRADA PRINCIPAL--NOMBRE DE PERSONA
Nombre de persona Cabanas Rodríguez, Marcelino.
9 (RLIN) 33132
245 10 - MENCIÓN DEL TÍTULO
Título Montero Ríos, jurista y reformador
Resto del título : discurso leído el día 8 de noviembre de 1971, en la solemne sesión de ingreso del académico D. Marcelino Cabanas Rodríguez y contestación del Excmo. Señor D. Joaquín Otero Goyanes, marqués de Revilla.
260 ## - PUBLICACIÓN, DISTRIBUCIÓN, ETC.
Lugar de publicación, distribución, etc. La Coruña :
Nombre del editor, distribuidor, etc. Academia Gallega de Jurisprudencia y Legislación,
Fecha de publicación, distribución, etc. 1971.
300 ## - DESCRIPCIÓN FÍSICA
Extensión 82 p. ;
Dimensiones 27 cm.
600 14 - PUNTO DE ACCESO ADICIONAL DE MATERIA--NOMBRE DE PERSONA
Nombre de persona Montero Ríos, Eugenio,
Fechas asociadas al nombre 1832-1914
9 (RLIN) 82537
700 1# - ENTRADA AGREGADA--NOMBRE PERSONAL
Nombre de persona Otero Goyanes, Joaquín,
Títulos y otros términos asociados al nombre Marqués de Revilla.
9 (RLIN) 167280
710 2# - ENTRADA AGREGADA--NOMBRE DE ENTIDAD CORPORATIVA
Nombre de entidad corporativa o nombre de jurisdicción como elemento de entrada Academia Gallega de Jurisprudencia y Legislación.
9 (RLIN) 1197
852 ## - LOCALIZACIÓN
Ubicación ES-MaACL
Número de control de estantería L-32482
Holdings
Estatus retirado Estado de pérdida Estado de daño No para préstamo Biblioteca de origen Biblioteca actual Ubicación en estantería Fecha de adquisición Fuente de adquisición Total de préstamos Signatura topográfica completa Código de barras Visto por última vez Precio de reemplazo Tipo de ítem Koha
        Biblioteca del Ateneo de Madrid Biblioteca del Ateneo de Madrid Depósito 2 20/12/2019     L-32482 1201433 23/02/2023 23/02/2023 Libro impreso